[Event "World-chT Rapid"]
[Site "Dusseldorf"]
[Date "2023.08.28"]
[Round "9"]
[White "Shapiro, Alexander"]
[Black "Blonder, Daniel"]
[Result "1/2-1/2"]
[WhiteElo "1947"]
[BlackElo "1824"]
[PlyCount "131"]
[EventDate "2023.08.26"]
[EventType "team-swiss (rapid)"]
[EventRounds "12"]
[EventCountry "GER"]
[SourceTitle "CBM 215 Extra"]
[Source "ChessBase"]
[SourceDate "2023.09.30"]
[SourceVersion "1"]
[SourceVersionDate "2023.09.30"]
[SourceQuality "1"]
[WhiteTeam "Freedom"]
[BlackTeam "Ashdod Elit CC"]
[WhiteTeamCountry "ROU"]
[BlackTeamCountry "ISR"]

1. Nf3 g6 2. d4 Bg7 3. e3 d6 4. b3 c5 5. Bb2 Nc6 6. Be2 cxd4 7. Nxd4 Nxd4 8. Bxd4 Nf6 9. 0-0 Bd7 10. Bf3 Bc6 11. Nd2 0-0 12. Rc1 Nd7 13. Bxg7 Kxg7 14. Bxc6 bxc6 15. Nc4 Nb6 16. Qd4+ Kg8 17. Nd2 e5 18. Qc3 Rc8 19. Rcd1 Qe7 20. Nf3 f6 21. Rd2 d5 22. Rfd1 Nd7 23. Qa5 Nc5 24. h3 Ne4 25. Re2 Rb8 26. Qe1 Qc5 27. Ra1 a5 28. a4 Rf7 29. Qc1 Rfb7 30. Ne1 Nc3 31. Rd2 e4 32. Kh2 f5 33. g3 Rf7 34. Ng2 g5 35. Qg1 Qd6 36. Re1 h5 37. h4 gxh4 38. Nxh4 Na2 39. Qf1 Nb4 40. Qe2 Qh6 41. Rh1 Qg5 42. Ng2 Rh7 43. Kg1 Kh8 44. Rh4 Rg8 45. Nf4 Qxh4 46. Rd1 Qg4 47. Qd2 h4 48. Qd4+ Rhg7 49. Kg2 Qf3+ 50. Kh3 Kh7 51. Rg1 Rxg3+ 52. fxg3 Rxg3+ 53. Kh2 Qf2+ 54. Rg2 Rxg2+ 55. Nxg2 Qg3+ 56. Kh1 h3 57. Nf4 h2 58. Ng2 Nxc2 59. Qf6 Qg6 60. Qh4+ Qh6 61. Qe7+ Kh8 62. Qe8+ Kh7 63. Qe7+ Qg7 64. Qh4+ Kg8 65. Qd8+ Kh7 66. Qh4+ 1/2-1/2

[Event "World-chT Rapid"]
[Site "Dusseldorf"]
[Date "2023.08.28"]
[Round "10"]
[White "Shapiro, Alexander"]
[Black "Dinesh, Rajan M"]
[Result "0-1"]
[WhiteElo "1947"]
[BlackElo "1904"]
[PlyCount "66"]
[EventDate "2023.08.26"]
[EventType "team-swiss (rapid)"]
[EventRounds "12"]
[EventCountry "GER"]
[SourceTitle "CBM 215 Extra"]
[Source "ChessBase"]
[SourceDate "2023.09.30"]
[SourceVersion "1"]
[SourceVersionDate "2023.09.30"]
[SourceQuality "1"]
[WhiteTeam "Freedom"]
[BlackTeam "Six Pack"]
[WhiteTeamCountry "ROU"]
[BlackTeamCountry "IND"]

1. Nf3 Nf6 2. b3 d5 3. Bb2 Bf5 4. e3 e6 5. d4 Nbd7 6. Bd3 Bxd3 7. Qxd3 c5 8. 0-0 Rc8 9. Nbd2 cxd4 10. Nxd4 Bd6 11. Nb5 Bc5 12. e4 a6 13. Nc3 d4 14. Ne2 e5 15. c3 dxc3 16. Bxc3 0-0 17. Nc4 b5 18. Ne3 Nb6 19. Qxd8 Rfxd8 20. Bxe5 Nxe4 21. Ng3 Nxf2 22. Kxf2 Re8 23. Ne4 Bxe3+ 24. Kxe3 Rxe5 25. Kf3 f5 26. Nd6 Rc6 27. Kf4 Rd5 28. Nxf5 Rf6 29. Kg4 h5+ 30. Kg5 Nc8 31. Rad1 Rfxf5+ 32. Rxf5 Rxd1 33. Kxh5 g6+ 0-1

[Event "World-chT Rapid"]
[Site "Dusseldorf"]
[Date "2023.08.27"]
[Round "6.2"]
[White "Reichmann, Felix"]
[Black "Shapiro, Alexander"]
[Result "0-1"]
[WhiteElo "1968"]
[BlackElo "1947"]
[PlyCount "130"]
[EventDate "2023.08.26"]
[EventType "team-swiss (rapid)"]
[EventRounds "12"]
[EventCountry "GER"]
[SourceTitle "CBM 215 Extra"]
[Source "ChessBase"]
[SourceDate "2023.09.30"]
[SourceVersion "1"]
[SourceVersionDate "2023.09.30"]
[SourceQuality "1"]
[WhiteTeam "Berlin Chess Federation"]
[BlackTeam "Freedom"]
[WhiteTeamCountry "GER"]
[BlackTeamCountry "ROU"]

1. c4 b6 2. Nc3 Bb7 3. e4 e6 4. Nf3 g6 5. g3 Bg7 6. d3 Ne7 7. Bg2 d6 8. 0-0 c5 9. Bf4 Nbc6 10. Nb5 e5 11. Be3 a6 12. Nc3 0-0 13. Qd2 Nd4 14. Ng5 f6 15. Nh3 Qd7 16. f4 b5 17. b3 b4 18. Bxd4 exd4 19. Na4 Qc7 20. g4 Rae8 21. f5 Nc6 22. Nf4 Ne5 23. Qe2 Bh6 24. Ne6 Rxe6 25. fxe6 Bc8 26. e7 Qxe7 27. h3 Qd8 28. Kh1 Be3 29. a3 a5 30. axb4 axb4 31. Nb2 g5 32. Ra7 Qe8 33. Rf3 Nxg4 34. hxg4 Bxg4 35. Qf1 Qh5+ 36. Rh3 Bxh3 37. Bxh3 g4 38. Rd7 Ra8 39. Na4 Ra6 40. Qg2 Qxh3+ 41. Qxh3 gxh3 42. Kh2 Bf4+ 43. Kxh3 Ra8 44. Kg4 Be5 45. Kf5 Rf8 46. Nb6 Rf7 47. Rd8+ Kg7 48. Nc8 Rb7 49. Nxd6 Ra7 50. Nb5 Ra1 51. Rc8 Rd1 52. Rxc5 Rxd3 53. Nc7 Rf3+ 54. Ke6 Rxb3 55. Rd5 Rc3 56. Ne8+ Kg6 57. c5 b3 58. Rd7 Rxc5 59. Rg7+ Kh6 60. Rb7 Rc3 61. Nxf6 Bxf6 62. Kxf6 d3 63. e5 d2 64. Rd7 Rf3+ 65. Ke6 b2 0-1

[Event "World-chT Rapid"]
[Site "Dusseldorf"]
[Date "2023.08.26"]
[Round "1.1"]
[White "Shapiro, Alexander"]
[Black "Spiegelberg, Silvia"]
[Result "1-0"]
[WhiteElo "1947"]
[BlackElo "1934"]
[PlyCount "65"]
[EventDate "2023.08.26"]
[EventType "team-swiss (rapid)"]
[EventRounds "12"]
[EventCountry "GER"]
[SourceTitle "CBM 215 Extra"]
[Source "ChessBase"]
[SourceDate "2023.09.30"]
[SourceVersion "1"]
[SourceVersionDate "2023.09.30"]
[SourceQuality "1"]
[WhiteTeam "Freedom"]
[BlackTeam "Heilbronn Hustlers"]
[WhiteTeamCountry "ROU"]
[BlackTeamCountry "GER"]

1. Nf3 d5 2. e3 e6 3. b3 c5 4. Bb2 Nf6 5. d4 Nc6 6. Nbd2 Bd6 7. dxc5 Bxc5 8. Bd3 0-0 9. a3 Bd7 10. 0-0 a6 11. c4 Rc8 12. Rc1 Be7 13. Qe2 Bd6 14. Rfd1 Bb8 15. e4 dxe4 16. Nxe4 Nxe4 17. Qxe4 f5 18. Qe1 Qc7 19. c5 Rce8 20. Bc4 Kh8 21. Ne5 Bc8 22. f4 Nxe5 23. Qxe5 Qxe5 24. fxe5 Rd8 25. b4 g6 26. a4 Ba7 27. Kf1 Kg7 28. Ke2 Kf7 29. Bd4 Rd7 30. Be3 Rfd8 31. Rxd7+ Bxd7 32. Rd1 Ke7 33. Bg5+ 1-0